[Event "Grozny Kadyrov Memorial rapid"]
[Site "Grozny"]
[Date "2019.06.09"]
[Round "4"]
[White "Ivaschenko, Vadim"]
[Black "Tekeyev, Zaur"]
[Result "0-1"]
[WhiteElo "2217"]
[BlackElo "2384"]
[PlyCount "135"]
[EventDate "2019.06.09"]
[EventType "swiss (rapid)"]
[EventRounds "11"]
[EventCountry "RUS"]
[SourceTitle "CBM 190 Extra"]
[Source "ChessBase"]
[SourceDate "2019.07.15"]
[SourceVersion "1"]
[SourceVersionDate "2019.07.15"]
[SourceQuality "1"]

1. Nc3 c5 2. e4 Nc6 3. f4 g6 4. Nf3 Bg7 5. Bc4 e6 6. f5 Nge7 7. fxe6 fxe6 8. d3 d5 9. Bb3 Nd4 10. 0-0 Nxb3 11. axb3 0-0 12. Qe1 Nc6 13. Bg5 Qd7 14. Qh4 d4 15. Ne2 e5 16. h3 b5 17. Rf2 Qc7 18. Raf1 Be6 19. Bh6 Bxh6 20. Qxh6 Qg7 21. Qd2 h6 22. Nh4 Rxf2 23. Rxf2 Rf8 24. Rxf8+ Kxf8 25. Ng3 Ke7 26. Nf3 Qf8 27. Nh4 Qg7 28. Nf3 Kf8 29. Nh4 Kg8 30. Nf3 Kh7 31. Qf2 Qf6 32. Ne2 Kg7 33. Qg3 a5 34. Kh1 Kf7 35. Kh2 Ke7 36. Nh4 g5 37. Nf3 Bd7 38. Kg1 Be6 39. Kh2 Kd6 40. Kg1 Bd7 41. Kh2 Be6 42. Kg1 Bf7 43. Qf2 Ne7 44. Qe1 Nc6 45. Qf2 Nb4 46. Ng3 Bg6 47. Kh1 Qf4 48. Kg1 h5 49. Ne2 Qf6 50. Qg3 Nxc2 51. Nxg5 Nb4 52. h4 Nc6 53. Nf3 Bf7 54. Nd2 Nb4 55. Nf3 Bxb3 56. Nexd4 cxd4 57. Nxd4 Be6 58. Nxb5+ Kc5 59. Nc3 Nc6 60. Qe3+ Nd4 61. Qc1 Kd6 62. Qa1 Qd8 63. Qa3+ Kd7 64. Qc5 Qc7 65. Qf8 Qb6 66. Kh1 Qxb2 67. Qc5 Qb3 68. Nb1 0-1

[Event "Adygea blitz op"]
[Site "Maikop"]
[Date "2019.05.04"]
[Round "1"]
[White "Baranov, Viacheslav"]
[Black "Ivaschenko, Vadim"]
[Result "0-1"]
[WhiteElo "1653"]
[BlackElo "2217"]
[PlyCount "63"]
[EventDate "2019.05.04"]
[EventType "swiss (blitz)"]
[EventRounds "11"]
[EventCountry "RUS"]
[SourceTitle "CBM 190 Extra"]
[Source "ChessBase"]
[SourceDate "2019.07.15"]
[SourceVersion "1"]
[SourceVersionDate "2019.07.15"]
[SourceQuality "1"]

1. d4 Nc6 2. Bf4 d6 3. Nf3 g6 4. e3 Bg7 5. Be2 Nf6 6. h3 0-0 7. 0-0 h6 8. c4 Nd7 9. Nc3 e5 10. dxe5 Ndxe5 11. Nxe5 Nxe5 12. Qd2 b6 13. b4 a5 14. a3 axb4 15. axb4 Rxa1 16. Rxa1 Be6 17. Bxe5 Bxe5 18. Rd1 Qh4 19. Nd5 Qd8 20. f4 Bg7 21. Bf3 Re8 22. Qf2 c6 23. Nc3 Bxc3 24. Bxc6 Rf8 25. Qc2 Bxb4 26. Rf1 Qf6 27. g4 Qc3 28. Qe4 Bc5 29. Rf3 Qxc4 30. Qxc4 Bxc4 31. f5 b5 32. fxg6 0-1

[Event "Adygea blitz op"]
[Site "Maikop"]
[Date "2019.05.04"]
[Round "9"]
[White "Ivaschenko, Vadim"]
[Black "Udovichenko, Nikolai"]
[Result "1-0"]
[WhiteElo "2217"]
[BlackElo "2174"]
[PlyCount "58"]
[EventDate "2019.05.04"]
[EventType "swiss (blitz)"]
[EventRounds "11"]
[EventCountry "RUS"]
[SourceTitle "CBM 190 Extra"]
[Source "ChessBase"]
[SourceDate "2019.07.15"]
[SourceVersion "1"]
[SourceVersionDate "2019.07.15"]
[SourceQuality "1"]

1. Nc3 d5 2. e4 dxe4 3. Nxe4 Bf5 4. Ng3 Bg6 5. Bc4 Nf6 6. N1e2 e5 7. d3 Nc6 8. 0-0 Bc5 9. h3 h5 10. Be3 Be7 11. Nc3 h4 12. Nge2 Nd4 13. f4 Nxe2+ 14. Nxe2 Nd5 15. Bd2 exf4 16. Nxf4 Nxf4 17. Bxf4 Qd4+ 18. Kh1 0-0-0 19. c3 Qb6 20. d4 Be4 21. Qe2 f5 22. a4 g5 23. a5 Qc6 24. Be5 Rh7 25. a6 b6 26. Bb5 Qg6 27. Bd3 g4 28. Bxe4 fxe4 29. Rae1 Rf8 1-0

[Event "Adygea rapid op"]
[Site "Maikop"]
[Date "2019.05.03"]
[Round "6"]
[White "Ivaschenko, Vadim"]
[Black "Gabrielian, Artur"]
[Result "1-0"]
[WhiteElo "2217"]
[BlackElo "2458"]
[PlyCount "65"]
[EventDate "2019.05.02"]
[EventType "swiss (rapid)"]
[EventRounds "9"]
[EventCountry "RUS"]
[SourceTitle "CBM 190 Extra"]
[Source "ChessBase"]
[SourceDate "2019.07.15"]
[SourceVersion "1"]
[SourceVersionDate "2019.07.15"]
[SourceQuality "1"]

1. Nc3 d6 2. e4 c5 3. f4 Nc6 4. Nf3 g6 5. Bc4 Bg7 6. 0-0 Nf6 7. d3 0-0 8. Qe1 Nd4 9. Qh4 Nxc2 10. Rb1 e6 11. f5 d5 12. e5 dxc4 13. Bg5 exf5 14. Bxf6 Bxf6 15. exf6 Be6 16. dxc4 Nd4 17. Rbd1 Bxc4 18. Nxd4 cxd4 19. Rf4 Re8 20. Rfxd4 Qb6 21. Na4 Qe6 22. Rxc4 b5 23. Rcd4 bxa4 24. Rd6 Qe3+ 25. Kh1 h5 26. Qb4 Rac8 27. h3 Re4 28. Qb7 Rce8 29. Rd8 Qc5 30. Qb8 Qf8 31. Qc7 Kh7 32. R8d7 Kg8 33. Ra1 1-0

[Event "Adygea rapid op"]
[Site "Maikop"]
[Date "2019.05.02"]
[Round "3"]
[White "Ivaschenko, Vadim"]
[Black "Zhuk, Gennady"]
[Result "1-0"]
[WhiteElo "2217"]
[BlackElo "1755"]
[PlyCount "129"]
[EventDate "2019.05.02"]
[EventType "swiss (rapid)"]
[EventRounds "9"]
[EventCountry "RUS"]
[SourceTitle "CBM 190 Extra"]
[Source "ChessBase"]
[SourceDate "2019.07.15"]
[SourceVersion "1"]
[SourceVersionDate "2019.07.15"]
[SourceQuality "1"]

1. Nc3 Nf6 2. e4 d6 3. Bc4 g6 4. d3 Bg7 5. a3 a6 6. Ba2 Nc6 7. f4 Be6 8. Nf3 Bxa2 9. Rxa2 e5 10. 0-0 0-0 11. Ra1 Bh6 12. Ne2 Nh5 13. f5 Bxc1 14. Qxc1 d5 15. Qh6 dxe4 16. Ng5 Nf6 17. dxe4 Nd4 18. Nxd4 Qxd4+ 19. Kh1 Rad8 20. Rae1 Qd2 21. h3 Rd4 22. Kh2 gxf5 23. Qxf6 Rd6 24. Qxf5 Rg6 25. Qf3 Rxg5 26. Re2 Qd4 27. c3 Qd6 28. Qe3 Qg6 29. Ref2 Kh8 30. g4 f6 31. Rf5 h6 32. Qf3 Rxf5 33. exf5 Qg5 34. Qxb7 Rd8 35. Qg2 Rd2 36. Rf2 Rxf2 37. Qxf2 Qc1 38. Kg3 e4 39. Qe2 Qh1 40. Kf4 Qxh3 41. Kxe4 Qh1+ 42. Kd4 Qg1+ 43. Kd5 Qb6 44. Qe8+ Kg7 45. b4 Qd6+ 46. Ke4 Qd2 47. Qg6+ Kf8 48. Qxf6+ Ke8 49. Qe6+ Kf8 50. Qc8+ Ke7 51. Qxc7+ Kf6 52. Qc6+ Kg5 53. Qg6+ Kh4 54. c4 Kg3 55. Ke5 Qe3+ 56. Kf6 Qd4+ 57. Ke7 Qe3+ 58. Kf7 Qa7+ 59. Kg8 Qb8+ 60. Kh7 Qf4 61. f6 Qxc4 62. f7 Qc7 63. Kxh6 Qf4+ 64. Kh7 Kf3 65. Qf5 1-0

[Event "Adygea rapid op"]
[Site "Maikop"]
[Date "2019.05.02"]
[Round "2"]
[White "Petrov, Nikita"]
[Black "Ivaschenko, Vadim"]
[Result "1-0"]
[WhiteElo "2610"]
[BlackElo "2217"]
[PlyCount "56"]
[EventDate "2019.05.02"]
[EventType "swiss (rapid)"]
[EventRounds "9"]
[EventCountry "RUS"]
[SourceTitle "CBM 190 Extra"]
[Source "ChessBase"]
[SourceDate "2019.07.15"]
[SourceVersion "1"]
[SourceVersionDate "2019.07.15"]
[SourceQuality "1"]

1. c4 Nc6 2. Nc3 e5 3. Nf3 f5 4. d4 e4 5. d5 exf3 6. dxc6 fxg2 7. cxd7+ Bxd7 8. Bxg2 c6 9. Qb3 Qc7 10. Be3 Nf6 11. 0-0-0 Be6 12. Qa4 Be7 13. Nd5 Qc8 14. Nxe7 Kxe7 15. Rd2 Rd8 16. Qb4+ Kf7 17. Rxd8 Qxd8 18. Qxb7+ Kg8 19. Rd1 Qf8 20. Bc5 Qxc5 21. Qxa8+ Kf7 22. Qb7+ Kg6 23. Qxc6 Qxf2 24. Qxe6 Qxg2 25. Qe3 Qb7 26. Qc3 Qa6 27. Qg3+ Kf7 28. Qc7+ Ke8 1-0

[Event "Dvorkovich Memorial op"]
[Site "Taganrog"]
[Date "2013.01.20"]
[Round "6"]
[White "Neverov, Valeriy"]
[Black "Ivaschenko, Vadim"]
[Result "1-0"]
[WhiteElo "2499"]
[BlackElo "2275"]
[PlyCount "57"]
[EventDate "2013.01.15"]
[EventType "swiss"]
[EventRounds "9"]
[EventCountry "RUS"]
[SourceTitle "CBM 152 Extra"]
[Source "ChessBase"]
[SourceDate "2013.02.25"]
[SourceVersion "1"]
[SourceVersionDate "2013.02.25"]
[SourceQuality "1"]

1. Nf3 Nc6 2. d4 d6 3. e4 g6 4. d5 Nb8 5. c4 Bg7 6. h3 e5 7. Nc3 Ne7 8. g4 a5 9. Be3 Na6 10. Nd2 b6 11. Bd3 Bd7 12. Qe2 Nc5 13. Bc2 c6 14. 0-0-0 cxd5 15. exd5 f5 16. f4 e4 17. Nb3 a4 18. Nd4 0-0 19. g5 Nc8 20. h4 Na7 21. h5 b5 22. hxg6 hxg6 23. Nc6 Bxc6 24. dxc6 Qa5 25. Rxd6 a3 26. Qh2 axb2+ 27. Kb1 Rf7 28. Rxg6 Qxc3 29. Qh8# 1-0

[Event "Dvorkovich Memorial op"]
[Site "Taganrog"]
[Date "2013.01.15"]
[Round "1"]
[White "Bocharov, Dmitry"]
[Black "Ivaschenko, Vadim"]
[Result "1-0"]
[WhiteElo "2614"]
[BlackElo "2275"]
[PlyCount "45"]
[EventDate "2013.01.15"]
[EventType "swiss"]
[EventRounds "9"]
[EventCountry "RUS"]
[SourceTitle "CBM 152 Extra"]
[Source "ChessBase"]
[SourceDate "2013.02.25"]
[SourceVersion "1"]
[SourceVersionDate "2013.02.25"]
[SourceQuality "1"]

1. d4 Nc6 2. e4 e5 3. d5 Nce7 4. h4 f5 5. Nc3 Nf6 6. exf5 Nxf5 7. g4 Nd4 8. g5 Ng8 9. Nf3 Bc5 10. Ne4 Qe7 11. c3 Nxf3+ 12. Qxf3 Bb6 13. d6 cxd6 14. Bc4 d5 15. Bxd5 d6 16. Be3 Bc7 17. 0-0-0 Qf8 18. Qe2 Ne7 19. Qb5+ Kd8 20. Bxb7 Rb8 21. Nxd6 Bxd6 22. Rxd6+ Kc7 23. Qc5+ 1-0

[Event "Nebug op"]
[Site "Nebug"]
[Date "2012.03.09"]
[Round "9"]
[White "Ivaschenko, Vadim"]
[Black "Maslak, Alexander"]
[Result "1/2-1/2"]
[WhiteElo "2261"]
[BlackElo "2202"]
[PlyCount "26"]
[EventDate "2012.03.02"]
[EventType "swiss"]
[EventRounds "9"]
[EventCountry "RUS"]
[SourceTitle "EXT 2022"]
[Source "ChessBase"]
[SourceDate "2021.10.06"]
[SourceVersion "1"]
[SourceVersionDate "2021.10.06"]
[SourceQuality "1"]

1. d4 Nf6 2. c4 g6 3. Nc3 Bg7 4. e4 d6 5. f4 c5 6. dxc5 Qa5 7. Bd3 Qxc5 8. Bd2 0-0 9. b4 Qxb4 10. Na4 Qa3 11. Bc1 Qb4+ 12. Bd2 Qa3 13. Bc1 Qb4+ 1/2-1/2

[Event "Nebug op"]
[Site "Nebug"]
[Date "2012.03.06"]
[Round "6"]
[White "Ivaschenko, Vadim"]
[Black "Popov, Kirill"]
[Result "1/2-1/2"]
[WhiteElo "2261"]
[BlackElo "1948"]
[PlyCount "68"]
[EventDate "2012.03.02"]
[EventType "swiss"]
[EventRounds "9"]
[EventCountry "RUS"]
[SourceTitle "EXT 2022"]
[Source "ChessBase"]
[SourceDate "2021.10.06"]
[SourceVersion "1"]
[SourceVersionDate "2021.10.06"]
[SourceQuality "1"]

1. d4 Nf6 2. Nc3 d5 3. Nf3 e6 4. Bg5 Be7 5. Bxf6 Bxf6 6. e4 0-0 7. Bd3 c5 8. e5 Be7 9. dxc5 Bxc5 10. Ne2 Nc6 11. Ng3 f6 12. exf6 Qxf6 13. 0-0 e5 14. c4 e4 15. cxd5 exf3 16. dxc6 fxg2 17. Kxg2 Kh8 18. Qh5 Qxc6+ 19. Be4 Qh6 20. Qxc5 Bh3+ 21. Kg1 Bxf1 22. Rxf1 Qf6 23. b3 Rae8 24. Bxb7 Re5 25. Qxa7 h5 26. Bg2 h4 27. f4 Re7 28. Qc5 hxg3 29. Qh5+ Qh6 30. Qxh6+ gxh6 31. hxg3 Rd8 32. Rf2 Rd3 33. Bf3 Ra7 34. Kg2 Ra3 1/2-1/2

[Event "Nebug op"]
[Site "Nebug"]
[Date "2012.03.02"]
[Round "1"]
[White "Tletseri, Marziet"]
[Black "Ivaschenko, Vadim"]
[Result "0-1"]
[WhiteElo "1872"]
[BlackElo "2261"]
[PlyCount "50"]
[EventDate "2012.03.02"]
[EventType "swiss"]
[EventRounds "9"]
[EventCountry "RUS"]
[SourceTitle "EXT 2022"]
[Source "ChessBase"]
[SourceDate "2021.10.06"]
[SourceVersion "1"]
[SourceVersionDate "2021.10.06"]
[SourceQuality "1"]

1. c4 Nc6 2. Nc3 e5 3. g3 Bc5 4. Bg2 d6 5. e4 f5 6. d3 Nf6 7. h3 0-0 8. Nge2 Qe8 9. Nd5 Qf7 10. 0-0 fxe4 11. dxe4 Qh5 12. Nxf6+ Rxf6 13. Nc3 Qf7 14. Nd5 Rxf2 15. Rxf2 Bxf2+ 16. Kh2 Nd4 17. Be3 Bxe3 18. Nxe3 Be6 19. b3 Rf8 20. Rc1 Qf2 21. Nd5 Nf3+ 22. Kh1 Qxg3 23. Ne7+ Kh8 24. Bxf3 Qxh3+ 25. Kg1 Rxf3 0-1

[Event "Azov Don Cup"]
[Site "Azov"]
[Date "2011.07.15"]
[Round "8"]
[White "Petrov, Artur"]
[Black "Ivaschenko, Vadim"]
[Result "1-0"]
[WhiteElo "2383"]
[BlackElo "2259"]
[PlyCount "97"]
[EventDate "2011.07.09"]
[EventType "swiss"]
[EventRounds "9"]
[EventCountry "RUS"]
[SourceTitle "EXT 2012"]
[Source "ChessBase"]
[SourceDate "2011.11.24"]
[SourceVersion "1"]
[SourceVersionDate "2011.11.24"]
[SourceQuality "1"]

1. e4 e5 2. Nf3 Nc6 3. Bb5 Bc5 4. 0-0 d6 5. c3 a6 6. Ba4 Ba7 7. Bxc6+ bxc6 8. d4 exd4 9. Nxd4 Ne7 10. Bg5 f6 11. Be3 d5 12. exd5 cxd5 13. b4 0-0 14. Nd2 Qd6 15. N2b3 Re8 16. Nc2 Bb8 17. Bc5 Qd8 18. Re1 c6 19. Ncd4 Bd7 20. Na5 Nf5 21. Naxc6 Bxc6 22. Nxf5 Be5 23. Nd4 Bxd4 24. Qxd4 Qd7 25. f3 Rxe1+ 26. Rxe1 Re8 27. Rd1 Qf5 28. Qd2 h5 29. a4 Kh7 30. Ra1 g6 31. Bd4 g5 32. h3 Re6 33. Kf2 Qg6 34. b5 axb5 35. a5 g4 36. hxg4 hxg4 37. fxg4 Qxg4 38. Rh1+ Kg8 39. Rh3 Qf5+ 40. Rf3 Qb1 41. Bxf6 Be8 42. Bd4 Bh5 43. Qg5+ Bg6 44. Qd8+ Be8 45. Rg3+ Kf8 46. Bc5+ Kf7 47. Qc7+ Kf6 48. Qg7+ Kf5 49. Rf3+ 1-0

[Event "Yuzhny FO-ch op"]
[Site "Armavir"]
[Date "2010.03.??"]
[Round "3"]
[White "Gulinsky, Vladimir"]
[Black "Ivaschenko, Vadim"]
[Result "1-0"]
[WhiteElo "2009"]
[BlackElo "2224"]
[PlyCount "75"]
[EventDate "2010.03.??"]
[EventType "swiss"]
[EventRounds "9"]
[EventCountry "RUS"]
[SourceTitle "CBM 135 Extra"]
[Source "ChessBase"]
[SourceDate "2010.05.04"]
[SourceVersion "1"]
[SourceVersionDate "2010.05.04"]
[SourceQuality "1"]

1. e4 c5 2. Nf3 e6 3. d4 cxd4 4. Nxd4 a6 5. Bd3 Nf6 6. 0-0 d6 7. c4 Be7 8. Nc3 0-0 9. Be3 Nbd7 10. Kh1 b6 11. f4 Bb7 12. Qf3 Qc7 13. Rac1 Rac8 14. b4 Qb8 15. Qg3 Qa8 16. f5 Ne5 17. Be2 Nxe4 18. Nxe4 Bxe4 19. f6 Bxg2+ 20. Kg1 Bxf6 21. Rxf6 Be4 22. Rff1 Rfd8 23. Bh6 Ng6 24. Be3 Qa7 25. Bg4 Bd3 26. Rxf7 Kxf7 27. Bxe6+ Ke8 28. Bg5 Ne5 29. Bxd8 Rxd8 30. Re1 Qe7 31. Bd5 Rc8 32. Nc6 Qf6 33. Nxe5 dxe5 34. Qxd3 Rc7 35. Qxh7 Qg5+ 36. Kh1 Re7 37. Qg8+ Kd7 38. Qa8 1-0

[Event "Yuzhny FO-ch op"]
[Site "Armavir"]
[Date "2010.03.??"]
[Round "2"]
[White "Ivaschenko, Vadim"]
[Black "Markosian, Sergey"]
[Result "1-0"]
[WhiteElo "2224"]
[BlackElo "1844"]
[PlyCount "73"]
[EventDate "2010.03.??"]
[EventType "swiss"]
[EventRounds "9"]
[EventCountry "RUS"]
[SourceTitle "CBM 135 Extra"]
[Source "ChessBase"]
[SourceDate "2010.05.04"]
[SourceVersion "1"]
[SourceVersionDate "2010.05.04"]
[SourceQuality "1"]

1. Nc3 g6 2. e4 Bg7 3. d4 c6 4. Nf3 d6 5. Be3 b5 6. Qd2 Nf6 7. Bd3 Nbd7 8. Bh6 Kf8 9. e5 Ng4 10. Bxg7+ Kxg7 11. h3 Nh6 12. 0-0 dxe5 13. Be4 Qb6 14. dxe5 Nc5 15. Qf4 b4 16. Ne2 Nxe4 17. Qxe4 Bf5 18. Qc4 Be6 19. Qf4 Bd5 20. Nh4 Qc5 21. Ng3 f6 22. Rfe1 Rhf8 23. Rad1 Nf7 24. exf6+ exf6 25. Rd2 Rae8 26. Rde2 Rxe2 27. Rxe2 Ne5 28. b3 Re8 29. Kh2 a5 30. Qd2 Re7 31. Ngf5+ gxf5 32. Nxf5+ Kf7 33. Nxe7 Qxe7 34. f4 Nf3+ 35. gxf3 Qd7 36. Qd3 f5 37. Re5 1-0

[Event "Yuzhny FO-ch op"]
[Site "Armavir"]
[Date "2010.03.??"]
[Round "6"]
[White "Ivaschenko, Vadim"]
[Black "Rozhko, Dmitry"]
[Result "0-1"]
[WhiteElo "2224"]
[BlackElo "2376"]
[PlyCount "108"]
[EventDate "2010.03.??"]
[EventType "swiss"]
[EventRounds "9"]
[EventCountry "RUS"]
[SourceTitle "CBM 135 Extra"]
[Source "ChessBase"]
[SourceDate "2010.05.04"]
[SourceVersion "1"]
[SourceVersionDate "2010.05.04"]
[SourceQuality "1"]

1. Nf3 d5 2. c4 c6 3. d4 Nf6 4. Nc3 a6 5. e3 b5 6. cxd5 cxd5 7. Bd3 Bg4 8. h3 Bh5 9. g4 Bg6 10. Ne5 Bxd3 11. Qxd3 e6 12. Bd2 Bd6 13. f4 b4 14. Ne2 Ne4 15. Nf3 Nd7 16. 0-0 Qb6 17. Be1 0-0 18. Nd2 f5 19. Ng3 Qb5 20. Qb3 Nxg3 21. Bxg3 Nb6 22. e4 Nc4 23. Nxc4 dxc4 24. Qf3 fxe4 25. Qxe4 Qd5 26. Rae1 Rfe8 27. Kg2 Rac8 28. f5 Bxg3 29. Qxd5 exd5 30. Kxg3 Kf7 31. Kf4 Rxe1 32. Rxe1 g6 33. h4 a5 34. g5 gxf5 35. Kxf5 Re8 36. Rh1 Re4 37. h5 Rxd4 38. g6+ Kg8 39. Re1 hxg6+ 40. hxg6 Kf8 41. Rh1 Rd2 42. Rh8+ Kg7 43. Rh7+ Kg8 44. Rc7 Rf2+ 45. Kg5 Rg2+ 46. Kf6 Rf2+ 47. Kg5 Rxb2 48. Rc8+ Kg7 49. Rc7+ Kf8 50. Rc8+ Ke7 51. g7 Rg2+ 52. Kh6 c3 53. g8Q Rxg8 54. Rxg8 d4 0-1

[Event "Yuzhny FO-ch op"]
[Site "Armavir"]
[Date "2010.03.??"]
[Round "9"]
[White "Kotenko, Pavel"]
[Black "Ivaschenko, Vadim"]
[Result "1-0"]
[WhiteElo "2391"]
[BlackElo "2224"]
[PlyCount "51"]
[EventDate "2010.03.??"]
[EventType "swiss"]
[EventRounds "9"]
[EventCountry "RUS"]
[SourceTitle "CBM 135 Extra"]
[Source "ChessBase"]
[SourceDate "2010.05.04"]
[SourceVersion "1"]
[SourceVersionDate "2010.05.04"]
[SourceQuality "1"]

1. e4 c6 2. d4 d5 3. e5 Bf5 4. Nf3 e6 5. Be2 Nd7 6. 0-0 h6 7. Nbd2 Ne7 8. Nb3 Bh7 9. Bd2 Nf5 10. Rc1 Be7 11. c4 dxc4 12. Na5 c3 13. Bxc3 Rb8 14. Nc4 0-0 15. a4 Nb6 16. Ba5 c5 17. dxc5 Qxd1 18. Rfxd1 Nxa4 19. g4 b6 20. Be1 Nh4 21. Nxh4 Bxh4 22. c6 Bg5 23. c7 Rbc8 24. Nd6 Nxb2 25. Nxc8 Rxc8 26. Ba6 1-0

[Event "Nebug Rating"]
[Site "Nebug"]
[Date "2010.01.09"]
[Round "3"]
[White "Ivaschenko, Vadim"]
[Black "Kudelya, Igor"]
[Result "1-0"]
[WhiteElo "2214"]
[BlackElo "1946"]
[PlyCount "63"]
[EventDate "2010.01.07"]
[EventType "tourn"]
[EventRounds "11"]
[EventCountry "RUS"]
[SourceTitle "EXT 2023"]
[Source "ChessBase"]
[SourceDate "2022.10.05"]
[SourceVersion "1"]
[SourceVersionDate "2022.10.05"]
[SourceQuality "1"]

1. Nc3 c5 2. e4 Nc6 3. f4 g6 4. Nf3 d6 5. Bc4 Bg7 6. d3 e6 7. 0-0 Nge7 8. Qe1 0-0 9. Qh4 d5 10. Bb3 Qd6 11. a3 a6 12. f5 exf5 13. Nxd5 Nxd5 14. Bxd5 Nd4 15. Bg5 Re8 16. c3 Nxf3+ 17. Rxf3 Be6 18. Bxe6 fxe6 19. Rh3 h5 20. Bf6 Qf8 21. Bxg7 Qxg7 22. Rf1 Re7 23. exf5 exf5 24. Rxf5 gxf5 25. Rg3 Rae8 26. Rxg7+ Kxg7 27. Qg5+ Kf8 28. Qxf5+ Kg7 29. Qg5+ Kh7 30. Qxh5+ Kg7 31. h4 Rf8 32. Qxc5 1-0

[Event "Rostov-ch"]
[Site "Rostov on Don"]
[Date "2010.??.??"]
[Round "4"]
[White "Ivaschenko, Vadim"]
[Black "Inozemtsev, Arsen"]
[Result "1/2-1/2"]
[WhiteElo "2214"]
[BlackElo "2128"]
[PlyCount "51"]
[EventDate "2010.11.21"]
[EventType "swiss"]
[EventRounds "9"]
[EventCountry "RUS"]
[SourceTitle "EXT 2012"]
[Source "ChessBase"]
[SourceDate "2011.11.24"]
[SourceVersion "1"]
[SourceVersionDate "2011.11.24"]
[SourceQuality "1"]

1. Nc3 d5 2. e4 dxe4 3. Nxe4 Nc6 4. Bc4 Nf6 5. Ng5 e6 6. Ne2 h6 7. Nf3 e5 8. 0-0 Bg4 9. Ne1 Na5 10. Bb3 Nxb3 11. axb3 Bc5 12. Nd3 Bd6 13. f3 Bf5 14. Nf2 Bc5 15. d3 0-0 16. Ng3 Bg6 17. Qe2 Re8 18. Nge4 Bf8 19. Nxf6+ Qxf6 20. Re1 Qc6 21. Ne4 f5 22. Nc3 a6 23. Qf2 b5 24. g4 b4 25. gxf5 Bxf5 26. Ne4 1/2-1/2

[Event "Rostov-ch"]
[Site "Rostov on Don"]
[Date "2010.??.??"]
[Round "9"]
[White "Ivaschenko, Vadim"]
[Black "Petrov, Artur"]
[Result "1-0"]
[WhiteElo "2214"]
[BlackElo "2389"]
[PlyCount "51"]
[EventDate "2010.11.21"]
[EventType "swiss"]
[EventRounds "9"]
[EventCountry "RUS"]
[SourceTitle "EXT 2012"]
[Source "ChessBase"]
[SourceDate "2011.11.24"]
[SourceVersion "1"]
[SourceVersionDate "2011.11.24"]
[SourceQuality "1"]

1. d4 Nf6 2. c4 g6 3. Nc3 Bg7 4. e4 d6 5. Nge2 0-0 6. f3 e5 7. Be3 Nbd7 8. d5 Nh5 9. Qd2 f5 10. 0-0-0 a6 11. exf5 gxf5 12. Ng3 Ndf6 13. Bg5 Qe8 14. Bd3 Qg6 15. Kb1 b5 16. Nxh5 Qxh5 17. cxb5 axb5 18. Nxb5 Rb8 19. Nxc7 e4 20. Be2 exf3 21. gxf3 Qg6 22. Bf4 Nh5 23. Rhg1 Qf6 24. Rxg7+ Qxg7 25. Bxd6 Rd8 26. Ne8 1-0

[Event "Rostov-ch"]
[Site "Rostov on Don"]
[Date "2010.??.??"]
[Round "5"]
[White "Parinov, Ivan"]
[Black "Ivaschenko, Vadim"]
[Result "1-0"]
[WhiteElo "1979"]
[BlackElo "2214"]
[PlyCount "127"]
[EventDate "2010.11.21"]
[EventType "swiss"]
[EventRounds "9"]
[EventCountry "RUS"]
[SourceTitle "EXT 2012"]
[Source "ChessBase"]
[SourceDate "2011.11.24"]
[SourceVersion "1"]
[SourceVersionDate "2011.11.24"]
[SourceQuality "1"]

1. d4 Nf6 2. c4 c5 3. d5 e5 4. Nc3 d6 5. e4 Be7 6. f4 exf4 7. Bxf4 0-0 8. Bd3 Bg4 9. Nge2 Nh5 10. Be3 Nd7 11. Qd2 Bh4+ 12. g3 Ne5 13. 0-0-0 Nf3 14. Qc2 Bg5 15. Bxg5 Qxg5+ 16. Kb1 a6 17. Qc1 Qe7 18. h3 Bd7 19. g4 Nf6 20. Ng3 Rfb8 21. Qf4 Ne5 22. g5 Ne8 23. Nf5 Qf8 24. h4 b5 25. Ne3 Rb7 26. b3 Rab8 27. h5 Nc7 28. Ka1 a5 29. cxb5 Bxb5 30. Bxb5 Nxb5 31. Nxb5 Rxb5 32. Rh2 a4 33. Nc4 Nxc4 34. bxc4 R5b7 35. e5 Qd8 36. exd6 Qb6 37. Qe4 Qxd6 38. Re2 h6 39. g6 fxg6 40. Qxg6 Qf4 41. Qe4 Qf6+ 42. Qe5 Qf3 43. Rg1 Kh8 44. Rd2 a3 45. d6 Qg4 46. Rgd1 Qd7 47. Qxc5 Rb2 48. Qxa3 Qg4 49. Qd3 R2b7 50. d7 Rd8 51. Qd4 Qe6 52. Qc3 Qc6 53. Rd6 Qg2 54. Rxh6+ Kg8 55. Rhd6 Kh7 56. c5 Ra7 57. R6d2 Qc6 58. Qd3+ Kh8 59. Qd5 Qf6+ 60. Qd4 Qc6 61. Qf2 Ra4 62. h6 Rg4 63. hxg7+ Kxg7 64. Rg1 1-0

[Event "Rostov on Don-ch op"]
[Site "Rostov on Don"]
[Date "2008.12.??"]
[Round "2"]
[White "Demidov, Alexey"]
[Black "Ivaschenko, Vadim"]
[Result "0-1"]
[WhiteElo "2259"]
[BlackElo "2128"]
[PlyCount "54"]
[EventDate "2008.12.19"]
[EventType "swiss"]
[EventRounds "9"]
[EventCountry "RUS"]
[SourceTitle "EXT 2022"]
[Source "ChessBase"]
[SourceDate "2021.10.06"]
[SourceVersion "1"]
[SourceVersionDate "2021.10.06"]
[SourceQuality "1"]

1. e4 c6 2. d4 d5 3. Nc3 dxe4 4. Nxe4 Nd7 5. Nf3 Ngf6 6. Ng3 Nb6 7. Ne5 e6 8. Be2 Be7 9. 0-0 0-0 10. c4 Nbd7 11. Nf3 c5 12. b3 Qc7 13. Qc2 b6 14. Bd3 Bb7 15. Ne4 cxd4 16. Nxd4 Qe5 17. Nxf6+ Nxf6 18. Bb2 Bd6 19. g3 Qh5 20. Rfe1 Rfd8 21. Qe2 Ng4 22. f3 Nf6 23. Kg2 Bc5 24. Nb5 Ng4 25. h4 Ne3+ 26. Kh2 Bxf3 27. Qd2 Rxd3 0-1

[Event "Rostov on Don-ch op"]
[Site "Rostov on Don"]
[Date "2008.12.??"]
[Round "8"]
[White "Denisenko, Denis"]
[Black "Ivaschenko, Vadim"]
[Result "1-0"]
[WhiteElo "2201"]
[BlackElo "2128"]
[PlyCount "60"]
[EventDate "2008.12.19"]
[EventType "swiss"]
[EventRounds "9"]
[EventCountry "RUS"]
[SourceTitle "EXT 2022"]
[Source "ChessBase"]
[SourceDate "2021.10.06"]
[SourceVersion "1"]
[SourceVersionDate "2021.10.06"]
[SourceQuality "1"]

1. e4 c6 2. d4 d5 3. Nd2 dxe4 4. Nxe4 Nd7 5. Bc4 Ngf6 6. Ng5 e6 7. Qe2 Nb6 8. Bd3 h6 9. N5f3 Be7 10. Bd2 0-0 11. 0-0-0 Nbd5 12. c3 Qc7 13. Nh3 c5 14. dxc5 Qxc5 15. Kb1 Rb8 16. g4 Nxg4 17. Rhg1 f5 18. Ne5 Qb6 19. Kc1 Bf6 20. Nxg4 fxg4 21. Rxg4 e5 22. Rg3 Bxh3 23. Rxh3 Nf4 24. Bxf4 exf4 25. Qe4 Bg5 26. Qh7+ Kf7 27. Bc4+ Kf6 28. Rd7 Rbc8 29. Qxg7+ Kf5 30. Rd5+ Kg4 1-0